000 00647nam a2200277Ia 4500
005 20260324143953.0
008 008 260324s9999 xx 000 0 eng d
020 _a9781003068235
037 _aEBOOK
040 _aCRL
040 _beng
040 _cCRL
041 _2eng
041 _aeng
084 _qCRL
100 _aDavid W. Boykin
_91217595
245 0 _a17 0 NMR Spectroscopy in Organic Chemistry
260 _bTaylor and Francis
260 _c1990
365 _a
365 _b1040
856 _uhttp://www.taylorfrancis.com/books/9781003068235
942 _cEBOOK
999 _c1823649
_d1823649